KOHA-Header-6

College Algebra (Record no. 9416)

000 -LEADER
fixed length control field 00229nam a2200109Ia 4500
020 ## - INTERNATIONAL STANDARD BOOK NUMBER
ISBN 0-87901-499-7
100 ## - MAIN ENTRY--AUTHOR NAME
Personal name Munem,M.A.
245 #0 - TITLE STATEMENT
Title College Algebra
260 ## - PUBLICATION, DISTRIBUTION, ETC. (IMPRINT)
Place of publication New Jersey
Name of publisher Prentice Hall
Year of publication 2003
300 ## - PHYSICAL DESCRIPTION
Number of Pages 355
942 ## - ADDED ENTRY ELEMENTS (KOHA)
Koha item type Books
Holdings
Withdrawn status Lost status Collection code Permanent Location Current Location Shelving location Date acquired Full call number Accession Number Koha item type
    Mathematics MAJU MAJU Shelf No.B31 2019-09-14 658.8 5140 Mathematics

Powered by Koha